| 000 | 00000nam##2200000za#4500 |
| 001 | 9.696195 |
| 003 | CaOODSP |
| 005 | 20210624234925 |
| 007 | cr ||||||||||| |
| 008 | 150407|1997||||xxc|||||o f|0| 0 eng|d |
| 040 | |aCaOODSP|beng |
| 043 | |an-cn--- |
| 086 | 1 |aFs23-319/1997E-PDF |
| 110 | 1 |aCanada. |bDepartment of Fisheries and Oceans. |bCommunications Directorate. |
| 245 | 14|aThe role of the federal government in the oceans sector |h[electronic resource] |
| 260 | |aOttawa - Ontario : |bFisheries and Oceans Canada. |cc1997. |
| 300 | |a40p.|btables |
| 500 | |aThe catalogue number (Fs 23-319/1997E) and ISBN (0-662-26063-5) for the print edition have been incorrectly copied in this electronic publication. |
| 520 | 3 |aThis report describes the role of 23 federal departments and agencies that are involved in the oceans sector through policies, programs, services, regulations and/or procurements.--Page 10 of 40. |
| 590 | |a12-21-Supp|b2012-05-18 |
| 690 | 07|aFisheries policy|2gcpds |
| 690 | 07|aOceans|2gcpds |
| 690 | 07|aFederal government|2gcpds |
| 775 | 08|tRôle du gouvernement fédéral dans le secteur des océans |w(CaOODSP)9.640314 |
| 776 | 0#|tThe role of the federal government in the oceans sector / |w(CaOODSP)9.646686 |
| 856 | 40|ahttp://publications.gc.ca|qPDF|s460 KB|uhttps://publications.gc.ca/collections/Collection/Fs23-319-1997E.pdf |
| 986 | |aDFO/5265 |